Ley transitoria del registro del estado familiar y de los regímenes patrimoniales del matrimonio (Registro nro. 8776)

Detalles MARC
000 -CABECERA
Longitud fija campo de control 00989cam a22002534a 4500
001 - NÚMERO DE CONTROL
Número de control 13465803
003 - IDENTIFICADOR DELl NÚMERO DE CONTROL
Identificador del número de control OSt
005 - FECHA Y HORA DE LA ÚLTIMA TRANSACCIÓN
Fecha y hora de la última transacción 20140408161334.0
008 - CÓDIGOS DE INFORMACIÓN DE LONGITUD FIJA
Códigos de información de longitud fija 130611s2001 slv spa
040 ## - FUENTE DE LA CATALOGACIÓN
Centro catalogador de origen DLC
Centro transcriptor BMC
082 ## - NÚMERO DE LA CLASIFICACIÓN DECIMAL DEWEY
Númeroo de clasificación 346.0157284
082 ## - NÚMERO DE LA CLASIFICACIÓN DECIMAL DEWEY
Númeroo de clasificación 323.67284026
110 1# - PUNTO DE ACCESO PRINCIPAL-NOMBRE DE ENTIDAD CORPORATIVA
9 (RLIN) 16613
Nombre de entidad corporativa o nombre de jurisdicción como elemento inicial El Salvador
Título de la obra Ley transitoria del registro del estado familiar y de los regímenes patrimoniales del matrimonio, 1995
245 10 - MENCIÓN DE TÍTULO
Título Ley transitoria del registro del estado familiar y de los regímenes patrimoniales del matrimonio
Resto del título : (con sus reformas)
250 ## - MENCIÓN DE EDICIÓN
Mención de edición 4ª ed
260 ## - PUBLICACIÓN, DISTRIBUCIÓN, ETC. (PIE DE IMPRENTA)
Lugar de publicación, distribución, etc. San Salvador
Nombre del editor, distribuidor, etc. Editorial Jurídica Salvadoreña
Fecha de publicación, distribución, etc. 2001
300 ## - DESCRIPCIÓN FÍSICA
Extensión 1 folleto (48 p.)
Dimensiones 21 cm
500 ## - NOTA GENERAL
Nota general Datos tomados de la cub.
594 ## - NOTA AL TÍTULO Y MENCIÓN DE RESPONSABIBLIDAD
Nota Al Título Y Mención De Responsabilidad Precede al tít.: República de El Salvador
650 24 - PUNTO DE ACCESO ADICIONAL DE MATERIA - TÉRMINO DE MATERIA
9 (RLIN) 6814
Término de materia o nombre geográfico como elemento inicial Derecho de familia
Subdivisión geográfica El Salvador
650 24 - PUNTO DE ACCESO ADICIONAL DE MATERIA - TÉRMINO DE MATERIA
9 (RLIN) 16977
Término de materia o nombre geográfico como elemento inicial Identificación
Subdivisión geográfica El Salvador
Subdivisión de forma Legislación
710 1# - PUNTO DE ACCESO ADICIONAL - NOMBRE DE ENTIDAD
9 (RLIN) 16967
Nombre de entidad o nombre de jurisdicción como elemento inicial El Salvador
Título de la obra Ley del nombre de la persona natural, 1990
942 ## - ENTRADA DE ELEMENTOS AGREGADOS (KOHA)
Fuente de clasificaión o esquema Dewey Decimal Classification
Koha [por defecto] tipo de item 1- Monografias
Existencias
Suprimido Perdido Fuente de clasificación o esquema Estropeado Restricciones de uso No para préstamo Código de colección Localización permanente Localización actual Localización en estanter&íacute;as Fecha adquisición Fuente de adquisición Número de inventario Préstamos totales Signatura completa Código de barras Fecha última consulta Coste, precio reemplazado Fecha del precio de reemplazo Tipo de item de Koha Renovaciones totales Fecha último préstamo
NULL NULL Dewey Decimal Classification NULL Prestable NULL NULL Biblioteca Miguel de Cervantes - UNICAES Biblioteca Miguel de Cervantes - UNICAES Sala Principal 24/03/2008 Donación - Facultad de Ciencias y Humanidades 014352   346.015 ELS ley 1014352 04/04/2014 3.00 04/04/2014 1- Monografias    
NULL NULL Dewey Decimal Classification NULL Prestable NULL NULL Biblioteca Miguel de Cervantes - UNICAES Biblioteca Miguel de Cervantes - UNICAES Sala Principal 24/03/2008 Donación - Facultad de Ciencias y Humanidades 014353 5 346.015 ELS ley 1014353 01/06/2026 3.00 04/04/2014 1- Monografias 1 01/06/2026
NULL NULL Dewey Decimal Classification NULL Prestable NULL NULL Biblioteca Miguel de Cervantes - UNICAES Biblioteca Miguel de Cervantes - UNICAES Sala Principal 24/03/2008 Donación - Facultad de Ciencias y Humanidades 014354   346.015 ELS ley 1014354 04/04/2014 6.00 04/04/2014 1- Monografias    
NULL NULL Dewey Decimal Classification NULL Prestable NULL NULL Biblioteca Miguel de Cervantes - UNICAES Biblioteca Miguel de Cervantes - UNICAES Sala Principal 24/03/2008 Donación - Facultad de Ciencias y Humanidades 014355 2 346.015 ELS ley 1014355 18/09/2018 6.00 04/04/2014 1- Monografias   18/09/2018